000 01077nam a2200265 i 4500
001 165982
003 ES-MaACL
005 20251015063147.0
008 980709q1911 sp |||| |dspa d
040 _aCCPB | B
_bspa
_cCCPB | B
080 _a930 Livio, Tito
100 1 _aTaine, Hippolyte,
_d1828-1893
_9109085
245 1 0 _aTito Livio /
_cpor H. Taine ; traducción por Luis de Terán, profesor en el Ateneo de Madrid.
260 _aMadrid :
_bLa España Moderna,
_c[1911?] (
_fV. Tordesillas)
300 _a202 p. ;
_c23 cm.
490 1 _aBiblioteca de jurisprudencia, filosofía e historia
490 1 _aLa España Moderna ;
_v521
600 1 7 _aLivio, Tito,
_d59 a.C.-17 d.C.
_2embne
_972600
700 1 _aTerán, Luis de,
_d1864-1935
_9109725
830 0 0 _aBiblioteca de jurisprudencia, filosofía e historia
_9180691
830 0 3 _aLa España moderna
_v521
_9222512
852 _aES-MaACL
_jF-14789
_z- Enc. pasta española
852 _aES-MaACL
_jL-31859
_z. - Donat. herederos de la bibl. de Mª del Pilar Costa Palacín
999 _c165982
_d165982